Online
Catalog

The other Americans; : (Record no. 7058)

MARC details
000 -CABECERA
campo de control de longitud fija 00762cam a22002291 4500
001 - NÚMERO DE CONTROL
campo de control 000007277
005 - FECHA Y HORA DE LA ÚLTIMA TRANSACCIÓN
campo de control 20200929154123.0
008 - DATOS DE LONGITUD FIJA--INFORMACIÓN GENERAL
campo de control de longitud fija 720228s1943 nyuab 000 0 eng
010 ## - NÚMERO DE CONTROL DE LA BIBLIOTECA DEL CONGRESO
Número de control de LC 43008674
035 ## - NÚMERO DE CONTROL DEL SISTEMA
Número de control de sistema (OCoLC)250403
040 ## - FUENTE DE LA CATALOGACIÓN
Centro catalogador/agencia de origen DO-SdBNP
Centro/agencia transcriptor OYU
Centro/agencia modificador OCoLC
-- DLC
042 ## - CÓDIGO DE AUTENTICACIÓN
Código de autenticación premarc
050 00 - SIGNATURA TOPOGRÁFICA DE LA BIBLIOTECA DEL CONGRESO
Número de clasificación F1409
Número de documento/Ítem .T6
082 ## - NÚMERO DE LA CLASIFICACIÓN DECIMAL DEWEY
Número de clasificación 918
100 1# - ENTRADA PRINCIPAL--NOMBRE DE PERSONA
Nombre de persona Tomlinson, Edward,
Fechas asociadas al nombre 1892-
9 (RLIN) 20192
245 14 - MENCIÓN DE TÍTULO
Título The other Americans; :
Resto del título our neighbors to the south, /
Mención de responsabilidad, etc. by Edward Tomlinson.
260 ## - PUBLICACIÓN, DISTRIBUCIÓN, ETC.
Lugar de publicación, distribución, etc. New York,
-- Chicago [etc.] :
Nombre del editor, distribuidor, etc. C. Scribner's Sons,
Fecha de publicación, distribución, etc. [1943].
300 ## - DESCRIPCIÓN FÍSICA
Extensión vi, 456 p. incl. front., illus. (incl. maps) ;
Dimensiones 22 cm.
651 #0 - PUNTO DE ACCESO ADICIONAL DE MATERIA--NOMBRE GEOGRÁFICO
Nombre geográfico Latin America
Subdivisión general Description And Travel.
9 (RLIN) 20193
740 0# - PUNTO DE ACCESO ADICIONAL--TÍTULO RELACIONADO O ANALÍTICO NO CONTROLADO
Título relacionado o analítico no controlado Our neighbors to the south.
910 ## - DATOS DE OPCIÓN DEL USUARIO (OCLC)
Datos de opción del usuario Catalogación por copia / LC
Holdings
Estado de retiro Estado de pérdida Restricciones de uso No para préstamo Código de colección Localización permanente Ubicación/localización actual Ubicación en estantería Fecha de adquisición Número de inventario Total de préstamos Signatura topográfica completa Código de barras Fecha visto por última vez Precio válido a partir de Tipo de ítem Koha
    Préstamo interno   Monografías: Libros y Folletos General General En catalogación 07.09.2009 LF1   918 7277-10 25.06.2020 25.06.2020 Préstamo interno

Powered by Koha